Представление документа в формате MARC21

Поле Инд. ПП Название Значение
Тип записи a
Библиографический уровень b
001 Контрольный номер 322988ec0c1b4d57ae92607f0b7b7673
005 Дата корректировки 20260513095408.7
040 a Служба первич. каталог. РИНЦ
b Код языка каталог. rus
041 0_ a Код языка текста rus
097 a Костяева О.Г.
100 1_ a Автор Виноградов А. Н.
100 1_ a Автор Кузнецов Ю. И.
c Титул (звания) профессор (ученое звание); доктор геолого-минералогических наук; профессор (должность);
i 000091202
k Кафедра общей и прикладной геофизики; Факультет естественных и инженерных наук
q Полное имя Кузнецов Юрий Иванович
u Дополнение Кузнецов Ю. И.
100 1_ a Автор Никитин А. А.
c Титул (звания) ; кандидат физико-математических наук; доцент (должность);
i 000091206
j Принадлежность неизвестного автора к последователям, ученикам, сторонникам, школе и т. д. государственный университет "Дубна"
k Кафедра общей и прикладной геофизики; Факультет естественных и инженерных наук
q Полное имя Никитин Анатолий Алексеевич
u Дополнение Никитин А. А.
245 10 a Заглавие Составление и оформление рукописей для публикации результатов геолого-геофизических исследований в скважинах: рекомендации и советы для «первопроходцев» на примере НТВ «Каротажник»
773 18 t Название источника Каротажник
b Сведения об издании Международная Ассоциация научно-технического и делового сотрудничества по геофизическим исследованиям и работам в скважинах
c Тверь
d Место и дата издания 2024
m Специф. данные журнал из перечня ВАК; ненулевой импакт-фактор ; входит в Белый список
q ВАК
x ISSN 1810-5599
g Прочая информация № 1 (327). - С. 15-22
w Контрольный № источника 844878a1c7394801bdcf5239c8949b1a
856 40 u URL https://www.elibrary.ru/item.asp?id=60778426
901 t Тип документа b
952 c Вид литературы статья в журнале